[Event "Karaj Alborz Parsa School"]
[Site "Karaj"]
[Date "2017.10.29"]
[Round "4.3"]
[White "Sabernia, Seyfolallah"]
[Black "Salehi, Ashkan"]
[Result "0-1"]
[WhiteElo "1582"]
[BlackElo "1711"]
[PlyCount "94"]
[EventDate "2017.10.12"]
[EventType "swiss"]
[EventRounds "9"]
[EventCountry "IRI"]
[SourceTitle "EXT 2024"]
[Source "ChessBase"]
[SourceDate "2023.10.10"]
[SourceVersion "1"]
[SourceVersionDate "2023.10.10"]
[SourceQuality "1"]

1. d4 c5 2. d5 d6 3. c4 g6 4. Nc3 Bg7 5. Qc2 Nf6 6. Bd2 a6 7. e3 Nbd7 8. f4 Nb6 9. Be2 Bg4 10. Bd3 Nh5 11. Nge2 e5 12. 0-0 Bxe2 13. Nxe2 f5 14. fxe5 Bxe5 15. g3 Qe7 16. Rf3 0-0-0 17. Ba5 Nd7 18. Raf1 Rdf8 19. Bd2 Nhf6 20. b4 h5 21. Kg2 h4 22. gxh4 Rxh4 23. h3 Rfh8 24. Be1 R4h5 25. a4 cxb4 26. Bxb4 Rxh3 27. Rxh3 Rxh3 28. Rh1 Rxh1 29. Kxh1 Qh7+ 30. Kg2 Qh2+ 31. Kf1 Ng4 32. Ke1 Qf2+ 33. Kd2 Qxe3+ 34. Kd1 Nf2+ 35. Ke1 Nxd3+ 36. Kd1 Nxb4 37. Qd2 Qxd2+ 38. Kxd2 Nc5 39. Ng1 Nxa4 40. Ke3 b5 41. cxb5 axb5 42. Nf3 Nc2+ 43. Kd3 Nd4 44. Nh4 g5 45. Ng6 g4 46. Ke3 f4+ 47. Kf2 b4 0-1